Sports Quiz

Random Sports or Country Quiz

Champions of Europe Quiz Stats

 Plays Quiz not verified by Sporcle

Score 0/53 Timer 05:00
0 Plays Today
Team Country % Correct
NK Dinamo ZagrebCroatia
90.6%
F.C. CopenhagenDenmark
90.6%
Chelsea F.C.England
90.6%
F.C. Internazionale MilanoItaly & UEFA Champions League
90.6%
FC BarcelonaSpain
90.6%
FC TwenteNetherlands
89.4%
Olympique de MarseilleFrance
88.2%
FC Bayern MunichGermany
88.2%
Shamrock RoversIreland
88.2%
S.L. BenficaPortugal
88.2%
Rangers F.C.Scotland
88.2%
FC Red Bull SalzburgAustria
87.1%
HJK HelsinkiFinland
87.1%
AC Sparta PragueCzech Republic
85.9%
Panathinaikos FCGreece
85.9%
FC Shakhtar DonetskUkraine
85.9%
R.S.C. AnderlechtBelgium
84.7%
Zenit Saint PetersburgRussia
84.7%
FC BaselSwitzerland
84.7%
Hapoel Tel Aviv F.C.Israel
81.2%
Malmö FFSweden
81.2%
BursasporTurkey
81.2%
FC Flora TallinnEstonia
80%
Rosenborg BKNorway
80%
Lech PoznańPoland
78.8%
FK PartizanSerbia
77.6%
CFR ClujRomania
76.5%
Team Country % Correct
Linfield F.C.Northern Ireland
75.3%
FK Željezničar SarajevoBosnia and Herzegovina
72.9%
KS Dinamo TiranaAlbania
69.4%
FC BATEBelarus
69.4%
FC Inter BakuAzerbaijan
67.1%
MSK ŽilinaSlovakia
65.9%
The New Saints F.C.Wales
62.4%
Debreceni VSCHungary
61.2%
AC OmoniaCyprus
58.8%
BreiðablikIceland
57.6%
Jeunesse EschLuxembourg
52.9%
PFC Litex LovechBulgaria
51.8%
S.P. Tre FioriSan Marino
49.4%
FK Liepājas MetalurgsLatvia
45.9%
HB TórshavnFaroe Islands
41.2%
FC Santa ColomaAndorra
40%
FK EkranasLithuania
38.8%
FC Sheriff TiraspolMoldova
37.6%
Birkirkara F.C.Malta
36.5%
FK Rudar PljevljaMontenegro
36.5%
Pyunik F.C.Armenia
31.8%
NK KoperSlovenia
31.8%
Atletico MadridUEFA Europa League & UEFA Super Cup
31.8%
FC TobolKazakhstan
24.7%
FC Olimpi RustaviGeorgia
23.5%
FK RenovaMacedonia
23.5%

You're not logged in!

Compare scores with friends on all Sporcle quizzes.
OR
Log In

Show Comments

Extras

Top Quizzes Today


Score Distribution

Your Account Isn't Verified!

In order to create a playlist on Sporcle, you need to verify the email address you used during registration. Go to your Sporcle Settings to finish the process.

Report this User

Report this user for behavior that violates our Community Guidelines.

Details: